000 01806nam a22003377a 4500
999 _c21765
_d21765
003 AR-CdUCM
008 190425b ||||| |||| 00| 0 spa d
040 _aMUNICIPALIDAD PROVINCIAL DEL CUSCO
_cBIBLIOTECA MUNICIPAL DEL CUSCO
082 _aRev.Univ/N°111/1956
110 _aUniversidad Nacional de San Antonio Abad del Cusco
_915942
245 _aRevista Universitaria :
_bÓrgano de la Universidad del Cuzco /
260 _aCusco :
_bH.G. Rozas,
_c1956.
300 _a462 páginas. :
_c20 cm.
440 _aRevista Universitaria
_nAño XLV, 2° semestre 1956, N°111.
_946009
505 _aContenido: El Inca Garcilaso. Alfredo Yépez Miranda. -- Poetas y escritores. Luis Nieto. -- El descentralísmo y la reforma agraria. -- La Química y el progreso terapéutico. -- Jorge Kuon Cabello. -- La fisonomía económica del Perú. Cesar Augusto Reinaga. -- Contribución peruana a nuestra independencia. Horacio Villanueva Urteaga. -- Maestros de cantería y arquitectos. Emilio Harth Terre. -- Algunos apuntes sobre una función importante sobre la geodesia. Hans Rothgiesser. -- Colección de autores cuzqueños. Narciso Aréstegui. El padre Horán, escenas de la vida del Cuzco. Tomo IV.
650 _aNarciso Arestegui
_945998
650 _aInca Garcilaso de la Vega
_9300
650 _aReforma agraria
_91861
650 _aQuímica
_94512
650 _aArte popular
_99558
650 _aArquitectura colonial
_928957
650 _aLiteratura cusqueña
_946010
700 _aNieto Miranda, Luis
_931822
700 _aKuon Cabello, Jorge
_931347
700 _aVillanueva Urteaga, Horacio
_95790
700 _aHarth Terre, Emilio
_946011
700 _aAréstegui, Narciso
_928122
710 _aUniversidad Nacional de San Antonio Abad del Cusco
_915942
942 _2ddc
_cPP
945 _arac